Ασφάλεια στην ανοιχτή θάλασσα : η περίπτωση της πειρατείας : πτυχιακή εργασία

Αποθηκεύτηκε σε:
Λεπτομέρειες βιβλιογραφικής εγγραφής
Κύριος συγγραφέας: Παπαπολύζου, Ιουλία
Συγγραφή απο Οργανισμό/Αρχή: Πανεπιστήμιο Αιγαίου Σχολή Επιστημών της Διοίκησης Τμήμα Ναυτιλίας και Επιχειρηματικών Υπηρεσιών - Τ.Ν.Ε.Υ
Άλλοι συγγραφείς: Σιούσιουρας, Πέτρος Π. (Εισηγητής διατριβής)
Μορφή: Thesis Βιβλίο
Γλώσσα:Greek
Δημοσίευση: 2009
Θέματα:
Διαθέσιμο Online:Ασφάλεια στην ανοιχτή θάλασσα, η περίπτωση της
Ετικέτες: Προσθήκη ετικέτας
Δεν υπάρχουν, Καταχωρήστε ετικέτα πρώτοι!

MARC

LEADER 00000cam a2200000 i 4500
001 1/13138
008 110512s2009 gre d
035 |l 10110079 
040 |a GR-MY-UA  |b gre  |e aacr 
041 0 |a gre 
082 0 |a 341.77  |2 (22) 
100 1 |a Παπαπολύζου, Ιουλία. 
245 1 0 |a Ασφάλεια στην ανοιχτή θάλασσα :  |b η περίπτωση της πειρατείας : πτυχιακή εργασία /  |c Παπαπολύζου Ιουλία ; επιβλέπων καθηγητής: Σιούσιουρας Π. Πέτρος 
260 |c 2009 
300 |a 99 σ.;  |c 30 εκ. 
502 # # |a Πτυχιακή εργασία – Πανεπιστήμιο Αιγαίου, Χίος, 2009. 
504 |a Περιλαμβάνει βιβλιογραφία 
650 0 0 |a Piracy. 
650 0 0 |a Law of the sea. 
650 0 0 |a Hijacking of ships. 
650 0 0 |a Pirates. 
650 0 0 |a Dissertations, Academic  |z Greece. 
700 1 |4 ths  |a Σιούσιουρας, Πέτρος Π. 
710 1 |a Πανεπιστήμιο Αιγαίου  |b Σχολή Επιστημών της Διοίκησης  |b Τμήμα Ναυτιλίας και Επιχειρηματικών Υπηρεσιών - Τ.Ν.Ε.Υ. 
852 |a INST  |b CHIOS  |c DIATR  |e 20110512  |h 341.77 ΠΑΠ  |p 005200032520  |q 005200032520  |t DIE  |y 23 
852 |a INST  |b CHIOS  |c DIATR  |e 20110513  |h 341.77 ΠΑΠ  |p 005200032521  |q 005200032521  |t DIE  |y 23 
856 |u Ασφάλεια στην ανοιχτή θάλασσα, η περίπτωση της 
901 |a BIBL2-2011-2 
909 |a Χ  |b 149311 
909 |a Χ  |b 149312 
924 |a ΠΑΠΑΠΟΛΥΖΟΠΟΥΛΟΥ  |b ΙΟΥΛΙΑ  |y ΧΙΟΣ  |z 2009-11 
970 |a ΠΑΡΟΙΚΑΚΗ  |b ΒΑΣΙΛΙΚΗ  |z 2011/05/12